Adaptive reuse of the built heritage : concepts and cases of an emerging discipline / (Record no. 5662)

MARC details
000 -LEADER
fixed length control field 00652nam a2200193 ar4500
001 - CONTROL NUMBER
control field 5665
005 - DATE AND TIME OF LATEST TRANSACTION
control field 20221127091200.0
008 - FIXED-LENGTH DATA ELEMENTS--GENERAL INFORMATION
fixed length control field 103022s ||| 00010|eng d
020 ## - INTERNATIONAL STANDARD BOOK NUMBER
International Standard Book Number 9781138062764 (pbk) , SR119
082 04 - DEWEY DECIMAL CLASSIFICATION NUMBER
Classification number 720.286 P754 2019
100 1# - MAIN ENTRY--PERSONAL NAME
Personal name Plevoets, Bie,
245 10 - TITLE STATEMENT
Title Adaptive reuse of the built heritage : concepts and cases of an emerging discipline /
Statement of responsibility, etc. Bie Plevoets, Koenraad Van Cleempoel
250 ## - EDITION STATEMENT
Edition statement 1st.ed.
260 ## - PUBLICATION, DISTRIBUTION, ETC.
Place of publication, distribution, etc. New York,
Name of publisher, distributor, etc. Routledge,
Date of publication, distribution, etc. 2019
300 ## - PHYSICAL DESCRIPTION
Extent 236 p.
Other physical details ill.col.
Dimensions 23 cm.
500 ## - GENERAL NOTE
General note Include bib.references and index
650 #4 - SUBJECT ADDED ENTRY--TOPICAL TERM
Topical term or geographic name entry element Buildings--Remodeling for other use
700 0# - ADDED ENTRY--PERSONAL NAME
Personal name Cleempoel, Koenraad van,

No items available.